000 01517nam a2200349 i 4500
003 EG-GICUC
005 20260308232123.0
008 260308s1971 ua |||fr|||| 00| 0 ara d
040 _a EG-GICUC
_bara
_c EG-GICUC
_d EG-GICUC
_erda
041 0 _aara
082 0 4 _221
_a343.83
_bي ح . ط
092 0 4 _221
099 _aLaw1 10 343.83 ي ح . ط 1971
100 0 _aيحيى شريف
_eمؤلف.
245 1 2 _aالطب الشرعى والبوليس الفنى الجنائى.
_nالجزء الثانى /
_cتأليف دكتور يحيى شريف، الدكتور محمد عبدالعزيز سيف النصر، دكتور محمد عدلى مشالى.
264 3 _aالقاهرة :
_bمطبعة جامعة عين شمس،
_c1971.
300 _a417 صفحة ;
_c24 سم.
_bإيضاحيات، صور، مثيليات ؛
336 _2rda content
_atext
337 _2rda media
_aComputer
338 _2rda carrier
_aOnline Resource
504 _aيشتمل على إرجاعات ببليوجرافية.
546 _aالنص باللغة العربية
650 1 _aعلم الطب الشرعى
_2qrmak
650 1 _aالقانون الجنائى
_2qrmak
651 1 _2qrmak
653 _aالبوليس الفنى الجنائي
700 0 _aمحمد عبدالعزيز سيف النصر
_eمؤلف مشارك.
700 0 _aمحمد عدلى مشالى
_eمؤلف مشارك.
856 4 0 _uhttps://fll.law.cu.edu.eg/fulltext/bks/B10-08338.pdf
905 _a43
_eYara
942 _2ddc
_cBK
_e21
_n0
999 _c65856
_d65856